Inscribing identities proclaiming piety: exploring recording practices in early historic India (Record no. 1228374)

MARC details
000 -LEADER
fixed length control field 00654nam a2200217Ia 4500
005 - DATE AND TIME OF LATEST TRANSACTION
control field 20241129110958.0
008 - FIXED-LENGTH DATA ELEMENTS--GENERAL INFORMATION
fixed length control field 241129s9999||||xx |||||||||||||| ||und||
020 ## - INTERNATIONAL STANDARD BOOK NUMBER
International Standard Book Number 978-93-5553-290-9
037 ## - SOURCE OF ACQUISITION
Stock number TB
040 ## - CATALOGING SOURCE
Original cataloging agency CRL
Language of cataloging eng
Transcribing agency CRL
041 ## - LANGUAGE CODE
Language code of text/sound track or separate title eng
Source of code eng
084 ## - COLON CLASSIFICATION NUMBER
Classification number V2:72 R2
Assigning agency CRL
100 ## - MAIN ENTRY--PERSONAL NAME
Personal name Singh Snigdha Au.
9 (RLIN) 555707
245 #0 - TITLE STATEMENT
Title Inscribing identities proclaiming piety: exploring recording practices in early historic India
Statement of responsibility, etc. Singh Snigdha Au.
260 ## - PUBLICATION, DISTRIBUTION, ETC.
Place of publication, distribution, etc. Delhi, India
Name of publisher, distributor, etc. Primus Books
Date of publication, distribution, etc. 2022
300 ## - PHYSICAL DESCRIPTION
Extent xxiv,478p.
365 ## - TRADE PRICE
Price type code INR
Price amount 1495
650 ## - SUBJECT ADDED ENTRY--TOPICAL TERM
Topical term or geographic name entry element Indian History
942 ## - ADDED ENTRY ELEMENTS (KOHA)
Koha item type Textbook
Classification part V2:72 R2
Holdings
Withdrawn status Lost status Damaged status Not for loan Home library Current library Date acquired Source of acquisition Cost, normal purchase price Inventory number Total Checkouts Full call number Barcode Date last seen Price effective from Koha item type
        Central Library Central Library 2024-11-29 Eastern Book Linkers 1495.00 124 & 20/01/2023   V2:72 R2 CL1679171 2024-11-29 2024-11-29 Textbook
Copyright @ Delhi University Library System